Managing Sport Facilities and Major Events (Record no. 356038)
[ view plain ]
| 000 -LEADER | |
|---|---|
| fixed length control field | 00394nam a2200121Ia 4500 |
| 008 - FIXED-LENGTH DATA ELEMENTS--GENERAL INFORMATION | |
| fixed length control field | 180305s9999 xx 000 0 und d |
| 020 ## - INTERNATIONAL STANDARD BOOK NUMBER | |
| International Standard Book Number | 9781138658615 |
| 100 ## - MAIN ENTRY--PERSONAL NAME | |
| Personal name | Schwarz, Eric C. |
| 245 ## - TITLE STATEMENT | |
| Statement of responsibility, etc | Eric C. Schwarz, Hans Westerbeek, Dongfeng Liu, Paul Emer, Paul Turner |
| Title | Managing Sport Facilities and Major Events |
| 250 ## - EDITION STATEMENT | |
| Edition statement | 2nd ed. |
| 260 ## - PUBLICATION, DISTRIBUTION, ETC. (IMPRINT) | |
| Place of publication, distribution, etc | USA |
| Name of publisher, distributor, etc | Routledge |
| Date of publication, distribution, etc | 2017 |
| 300 ## - PHYSICAL DESCRIPTION | |
| Extent | v, 306 Pages |
| Withdrawn status | Lost status | Damaged status | Home library | Current library | Shelving location | Date acquired | Source of acquisition | Total Checkouts | Total Renewals | Full call number | Barcode | Date last seen | Date checked out | Price effective from | Koha item type |
|---|---|---|---|---|---|---|---|---|---|---|---|---|---|---|---|
| College Library | College Library | Reserve Section | 03/05/2018 | 2 | 1 | GV 401 .Sch411 2017 | c21288 | 03/22/2019 | 02/22/2019 | 03/05/2018 | Books |